| 000 | 02431nam0a22004211 4500 | ||
|---|---|---|---|
| 001 | v19\rc\1832054 | ||
| 005 | 20260405222745.0 | ||
| 035 | _a(NLR Aleph) 005255167 | ||
| 090 |
_a5844249 _c5844249 |
||
| 100 | _a20071224e19081908|||y0rusy50 ca | ||
| 101 | 0 | _arus | |
| 102 | _aRU | ||
| 105 | _ay z |||y| | ||
| 135 | _acrcn 024aaaba | ||
| 200 | 1 |
_aК проблеме колонизации Печорского края _f[А. Ж-ий] |
|
| 210 |
_a[Архангельск] _cАрх. губ. тип. _d1908 |
||
| 215 |
_a10 с. _d17 |
||
| 300 | _aАвт. указан в конце текста: А. Ж-ий; установлен по изд.: Масанов И.Ф. Словарь псевдонимов... М., 1956. Т. 1. С. 374 | ||
| 309 | _aБез тит. л. Описано по обл. | ||
| 311 | _a"Перепеч. с разреш. местного начальства из "Арх. губ. вед. 1908 г. в Губ. тип." | ||
| 325 | _aКопия доступна в Электрон. б-ке РНБ http://vivaldi.nlr.ru/bx000022689/view | ||
| 488 | 0 |
_12001#$aАрхангельские губернские ведомости$v1908 _171002$3RU\NLR\AUTH\889971184$a"Архангельские губернские ведомости", газета _tАрхангельские губернские ведомости _a"Архангельские губернские ведомости", газета |
|
| 607 |
_aПечорский край _xОсвоение _zнач. 20 в. _92621742 _3RU\NLR\AUTH\661558302 |
||
| 617 |
_aРоссия _bЕвропейская часть _mСеверо-Запад _cПечорский край |
||
| 686 | _aТ3(2Р-4Арх)5 | ||
| 686 | _aД890(2Р31,5) | ||
| 700 | 1 |
_8rus _7ca _aЖуравский _bА. В. _f1882-1914 _gАндрей Владимирович _3RU\NLR\AUTH\77100989 _983915 |
|
| 790 | 1 |
_aЖ-ий _bА. _f1882-1914 |
|
| 801 | 0 |
_aRU _bNLR _c20071224 _gpsbo |
|
| 801 | 0 |
_aRU _bRuMoRGB _c20071224 _2psbo |
|
| 801 | 1 |
_aRU _bProSoft-M _c20071224 _2rusmarc |
|
| 801 | 2 |
_aRU _bNLR _c20110712 _2rusmarc |
|
| 852 |
_aNLR _j34.84.3.1463 |
||
| 942 | _cBOOK | ||
| 980 | _aNB | ||
| 981 | 2 | 2 |
_a(22) Материалы по истории России _b(22) Территория |
| 981 | 2 | 2 |
_a(22) Материалы по истории России _b(22) История России до 25 октября (7 ноября) 1917 года |